Un cubano en la Plaza Tapatía : crónicas de viaje / A. Cadalzo Ruiz.
El autor de estas crónicas autobiográficas es el cubano Tomas Alfonso Cadalzo Ruiz, director de programas de radio en su natal Cienfuegos. Como responsable de México y sus canciones, un programa sobre música tradicional mexicana, visitó nuestro país en 1997 y 2000, experiencia que recupera en este l...
Guardado en:
| Autor principal: | |
|---|---|
| Formato: | Libro |
| Idioma: | Español |
| Publicado: |
Guadalajara, México :
Gobierno del Estado de Jalisco, Secretaría de Cultura,
2003, c2003
|
| Colección: | (Hojas Literarias. Crónicas de Viaje)
|
| Temas: | |
| Etiquetas: |
Sin etiquetas, Sé el primero en etiquetar este registro!
|
MARC
| LEADER | 00000nam^a2200000^a^4500 | ||
|---|---|---|---|
| 001 | 000172106 | ||
| 005 | 20250521000000.0 | ||
| 009 | 20260310101408.847 | ||
| 020 | |a 970-624-347-X | ||
| 037 | |a Acervo ITESO - Biblioteca | ||
| 041 | |a ESP | ||
| 082 | |a 860. 92 CAD | ||
| 100 | |a Cadalzo Ruiz, Alfonso |e (autor) | ||
| 245 | 1 | 3 | |a Un cubano en la Plaza Tapatía : |b crónicas de viaje / A. Cadalzo Ruiz. |
| 264 | 4 | |a Guadalajara, México : |b Gobierno del Estado de Jalisco, Secretaría de Cultura, |c 2003, c2003 | |
| 300 | |a 87 p. | ||
| 336 | |a texto |b txt |2 rdacontenido | ||
| 337 | |a sin mediación |b n |2 rdamedio | ||
| 338 | |a volumen |b nc |2 rdasoporte | ||
| 440 | 1 | |a (Hojas Literarias. |p Crónicas de Viaje) | |
| 520 | |a El autor de estas crónicas autobiográficas es el cubano Tomas Alfonso Cadalzo Ruiz, director de programas de radio en su natal Cienfuegos. Como responsable de México y sus canciones, un programa sobre música tradicional mexicana, visitó nuestro país en 1997 y 2000, experiencia que recupera en este libro. Sus crónicas dan cuenta de su "enamoramiento" de Guadalajara y en general de la cultura mexicana. | ||
| 649 | |a XX | ||
| 650 | |a Comunicólogos y Comunicadores Cubanos - |z Memorias | ||
| 650 | |a Memorias Cubanas | ||
| 650 | |a Crónicas Cubanas | ||
| 650 | |a Relaciones Interculturales - |z México-Cuba | ||
| 650 | |a Identidad Cultural - |z Cuba | ||
| 650 | |a Identidad Cultural - |z México | ||
| 650 | |a Literatura Cubana - |y Siglo XX | ||
| 650 | |a Guadalajara, Jalisco - |x Descripción | ||
| 650 | |a Jalisco - |x Descripción | ||
| 650 | |a México - |x Descripción | ||
| 650 | |a Cadalzo Ruiz, Alfonso | ||
| 910 | |a Fondo General | ||
| 920 | |a Impresos - Libros | ||
| 930 | |a Colección General | ||
| 940 | |a Literatura | ||
| 905 | |a 101 | ||
| 901 | |a 0500109462 |b IT1 |c LIT |u 20250521 | ||
| 902 | |a https://opac.biblio.iteso.mx/vufind/Record/000172106 | ||